| 000 | 00414nam a2200157Ia 4500 | ||
|---|---|---|---|
| 008 | 231217s9999 xx 000 0 und d | ||
| 020 | _a817881269X | ||
| 041 | _aEnglish | ||
| 082 | _a332 JAN1;1 R | ||
| 100 | _aRao, Janardhan N ed. | ||
| 245 | 0 | _aFinancial markets : emerging scenario | |
| 260 |
_c2004 _bIcfai _aHyderabad |
||
| 300 | _aviii, 173+A11 | ||
| 650 | _aFinancial,markets,scenario | ||
| 942 | _cAA | ||
| 999 |
_c189458 _d189458 |
||